| 000 | 00958nam a2200289 i 4500 | ||
|---|---|---|---|
| 999 |
_c8699 _d8699 |
||
| 001 | 8699 | ||
| 003 | BD-JhCC | ||
| 005 | 20180301123535.0 | ||
| 008 | 760504s1976 caua 001 0 eng | ||
| 020 | _a0534003753 | ||
| 035 | _a(BD-JhCC)8699 | ||
| 040 |
_aDLC _cDLC _dDLC _dBD-JhCC |
||
| 041 | _aeng | ||
| 050 | 0 | 0 |
_aQD31.2 _b.A45 |
| 082 | 0 | 0 |
_a540 _bALLI 1976 |
| 100 | 1 | _aAllinger, Norman L. | |
| 245 | 1 | 3 |
_aAn introduction to general, organic, and biological chemistry / _cNorman L. Allinger, M. Jerome Bigelow, Harmon C. McAllister ; [technical illustrators, Darwen Hennings ... et al.]. |
| 260 |
_aBelmont, Calif. : _bWadsworth Pub. Co., _cc1976. |
||
| 300 |
_axxii, 582 p. : _bill. ; _c25 cm. |
||
| 490 | 0 | _aWadsworth series in chemistry | |
| 500 | _aIncludes index. | ||
| 650 | 0 | _aChemistry. | |
| 700 | 1 |
_aBigelow, Melvin Jerome, _d1926- |
|
| 700 | 1 | _aMcAllister, Harmon C., | |
| 942 |
_2ddc _cBK |
||